Arnavutluk cumhurbaşkanı Rexhep Meidani'nin Türkiye'yi ziyareti (Record no. 9683)

MARC details
000 -BAŞLIK
Sabit Uzunlukta Kontrol Alanı 00860na a2200265 4500
001 - KONTROL NUMARASI
Denetim Alanı 22821
003 - KONTROL NUMARASI IDENTIFIER
Denetim Alanı MIRAKIL
005 - SON İŞLEM TARİHİ VE ZAMANI
Denetim Alanı 20181213155254.0
008 - SABİT-BOY VERİ ELEMANLARI - GENEL BİLGİLER
Sabit Uzunlukta Kontrol Alanı 170226b tu 000 0
040 ## - KATALOGLAMA KAYNAK
Orijinal Kataloglama Ajansı Milas
Kataloglama Dili tur
Metne Dönüştürmek Ajansı TR-AnCHP
041 ## - DİL KODU
Metin / Ses Parça Veya Ayrı Başlığın Dil Kodu tur
082 ## - DEWEY ONLU SINIFLANDIRMA NUMARASI
Sınıflandırma Numarası CHP 949.65
Ürün Numarası A65 1998
090 ## - SINIFLAMA NUMARASI
Sınıflama Numarası CHP 949.65 A65 1998
091 ## - MICROFILM RAF YER (AM) [OBSOLETE]
Mikrofilm Raf Yeri DIŞ POLİTİKA -5
222 ## - ANAHTAR ADI
Anahtar Başlık Dış politika ülke raporları
245 ## - BAŞLIK TABLOSU
Başlık Arnavutluk cumhurbaşkanı Rexhep Meidani'nin Türkiye'yi ziyareti
Başlığın Kalan 11-12 Şubat 1998-Ankara ; 13 Şubat 1998-İstanbul
300 ## - FİZİKSEL TANIM
Kapsam krş s.
Boyutlar 30 sm.
610 ## - KONU KATMA GİRİŞ - TOPLANTI ADI
Giriş Elemanı Olarak Kurumsal Ad Veya Yargı Alanı Adı CHP
Genel Alt Bölüm Arnavutluk
Kronolojik Alt Bölüm Araştırma ve inceleme
610 ## - KONU KATMA GİRİŞ - TOPLANTI ADI
Giriş Elemanı Olarak Kurumsal Ad Veya Yargı Alanı Adı CHP
Genel Alt Bölüm Arnavutluk
Kronolojik Alt Bölüm Raporlar
610 ## - KONU KATMA GİRİŞ - TOPLANTI ADI
Giriş Elemanı Olarak Kurumsal Ad Veya Yargı Alanı Adı CHP
Genel Alt Bölüm Dış ilişkiler
Kronolojik Alt Bölüm Raporlar
651 ## - KONU KATMA GİRİŞ - COĞRAFİ ADI
Coğrafi İsim Arnavutluk
Genel Alt Bölümü Siyasal durum
Kronolojik Alt Bölümü Raporlar
740 ## - KATMA GİRİŞ - KONTROLSUZ İLGİLİ / ANALİTİK BAŞLIK
Kontrol Edilmeyen / İlgili Analitik Başlıktaki CHP Arnavutluk raporu
942 ## - EKLENDİ GİRİŞ ELEMANLARI (KOHA)
Sınıflandırma Veya Raf Düzeni Kaynak
Koha Öğesi Türü Books
999 ## - SİSTEM KONTROL NUMARALARI (KOHA)
Koha Biblionumber 9683
Koha Biblioitemnumber 9683
Holdings
Kalıcı Konum Mevcut Konum Edinme Tarihi Edinim Kaynak Toplam Check-Out'Lar Tam Çağrı Numarası Barkod Tarih Son Görülme İtibaren Geçerli Fiyatlar Koha Öğesi Türü
CHP Kütüphanesi CHP Kütüphanesi 02/26/2017 Bağış   CHP 949.65 A65 1998 016710 02/26/2017 02/26/2017 Books